La visión apocalíptica en la novela de Marechal (Registro nro. 69987)
[ vista simple ]
| 000 -LÍDER | |
|---|---|
| Campo fijo de descripción fija | 01301nab a2200217 i 4500 |
| 001 - NÚMERO DE CONTROL | |
| Campo de control | 768714001 |
| 003 - IDENTIFICADOR DEL NÚMERO DE CONTROL | |
| Campo de control | CO-MdFUSB |
| 005 - FECHA Y HORA DE LA ULTIMA TRANSACCIÓN | |
| control field | 20240609121225.0 |
| 008 - ELEMENTOS DE LONGITUD FIJA -- INFORMACIÓN GENERAL | |
| Campo fijo de descripción fija -- Información general | 240529t1973 ag ||||| |||| 00| 0 spa d |
| 040 ## - FUENTE DE CATALOGACIÓN | |
| Idioma de catalogación | spa |
| Agencia que realiza la transcripción | CO-MdFUSB |
| Agencia que realiza la modificación | CO-MdFUSB |
| 041 ## - CÓDIGO DE IDIOMA | |
| Código de idioma para texto/pista de sonido o título separado | spa |
| 100 ## - ASIENTO PRINCIPAL--NOMBRE PERSONAL | |
| Nombre personal | Davidson, Samuela D., |
| Término relacionador | autor |
| 245 #3 - TÍTULO | |
| Título | La visión apocalíptica en la novela de Marechal |
| Mención de responsabilidad | / Samuela D. Davidson |
| 520 ## - NOTA DE RESUMEN, ETC. | |
| Nota de sumario, etc. | Marechal ha sido considerado en el mundo de las letras como un escritor católico de gran sensibilidad religiosa. El hecho que generalmente se desconoce es que en 1959 abandonó las filas del catolicismo y se unió a una iglesia evangélica. A partir de esta experiencia de conversión, la metafísica personal adquirió mayor profundidad en sus libros. Aunque nunca sacrificó el arte en aras de una didáctica de cartel, el tono de su mensaje cambió: admitió más abiertamente su fe y describió metafóricamente la experiencia de la conversión |
| 630 07 - PUNTO DE ACCESO ADICIONAL DE MATERIA - TÍTULO UNIFORME | |
| Título uniforme | Biblia. |
| Parte o sección de la obra | Apocalipsis |
| 650 #7 - ASIENTO SECUNDARIO DE MATERIA - TERMINO TEMÁTICO | |
| Término temático o nombre geográfico como elemento de entrada | Biblia y literatura |
| 9 (RLIN) | 7329 |
| 650 #0 - ASIENTO SECUNDARIO DE MATERIA - TERMINO TEMÁTICO | |
| Término temático o nombre geográfico como elemento de entrada | Revelación en la Biblia |
| 9 (RLIN) | 1078 |
| 773 0# - ASIENTO DE ITEM FUENTE | |
| Biblionumber | 69974 |
| Itemnumber | 82716 |
| Lugar, editorial y fecha de publicación | Buenos Aires |
| Otro identificador del ítem | R2608 |
| Título | Certeza |
| Número de control del registro | (CO-MdFUSB)768714001 |
| Parte(s) relacionada(s) / Volumen., número. (mes año), páginas | Número 50, (abril a junio, 1973) páginas: 48 - 49 |
| Enumeración y primera página | página: 48 |
| 942 ## - TIPO DE MATERIAL (KOHA) | |
| Tipo de Item KOHA | Artículos de Revista |
| 945 ## - INFORMACIÓN LOCAL DEL REGISTRO | |
| Catalogador | Catherine Arias Álvarez - Practicante SENA |
No hay ítems disponibles.
